[Event "1/128 Finale"]
[Site "www.chess-mail.com"]
[Date "2016.05.24"]
[Round "1"]
[White "Pimpampum"]
[Black "Esperanza"]
[WhiteElo "2100"]
[BlackElo "999"]
[Result "1-0"]
[Round "1"]
1.f4 d5
2.Ng1f3 e6
3.c4 Ng8f6
4.d4 Bf8e7
5.e3 O-O
6.Nb1c3 b6
7.Bf1e2 Bc8b7
8.O-O Nb8d7
9.Bc1d2 c5
10.dxc5 Be7xc5
11.Kh1 dxc4
12.Be2xc4 Nf6g4
13.Qd1e2 Qd8f6
14.e4 Qf6d8
15.h3 Ng4f6
16.a3 a5
17.Rf1d1 Qd8c7
18.Ra1c1 Ra8c8
19.Nf3g5 h6
20.Ng5f3 Qc7c6
21.Bc4b5 Qc6c7
22.Bd2e3 Nf6xe4
23.Nc3xe4 Bb7xe4
24.Rd1xd7 Be4xf3
25.Qe2xf3 { resign }
1-0

[Event "Tourn. n8765"]
[Site "www.chess-mail.com"]
[Date "2016.05.25"]
[Round "1"]
[White "Faerieking"]
[Black "Huw"]
[WhiteElo "2260"]
[BlackElo "2300"]
[Result "0-1"]
[Round "1"]
1.e4 c5
2.Ng1f3 Nb8c6
3.d4 cxd4
4.Nf3xd4 g6
5.Bf1e2 Bf8g7
6.c3 Ng8f6
7.f3 d5
8.Be2b5 dxe4
9.Nd4xc6 Qd8xd1
10.Kxd1 a6
11.Nc6xe7 Kxe7
12.Bb5e2 Rh8e8
13.fxe4 Nf6xe4
14.Bc1e3 Kf8
15.Rh1e1 Bc8f5
16.Kc1 Ra8d8
17.Be2f3 Ne4d6
18.Nb1d2 b5
{ resign }
0-1

[Event "Tourn. n8768"]
[Site "www.chess-mail.com"]
[Date "2016.05.25"]
[Round "1"]
[White "Picifarkinca"]
[Black "Cardiff"]
[WhiteElo "1780"]
[BlackElo "1810"]
[Result "1-0"]
[Round "1"]
1.d4 f5
2.Nb1c3 Ng8f6
3.Bc1g5 g6
4.f3 Bf8g7
5.e4 fxe4
6.fxe4 d6
7.Bf1c4 e6
8.Ng1f3 O-O
9.e5 { resign }
1-0

[Event "Tourn. n8738"]
[Site "www.chess-mail.com"]
[Date "2016.05.25"]
[Round "1"]
[White "B0zata"]
[Black "Julian"]
[WhiteElo "1969"]
[BlackElo "2100"]
[Result "1-0"]
[Round "1"]
1.e4 c5
2.Ng1f3 d6
3.Bf1c4 e6
4.d4 cxd4
5.Nf3xd4 Ng8f6
6.Nb1c3 a6
7.a4 Qd8c7
8.Bc4d3 Nb8c6
9.Nd4f3 Bf8e7
10.Bc1g5 O-O
11.O-O h6
12.Bg5f4 e5
13.Bf4d2 Bc8e6
14.Rf1e1 Nc6d4
15.Nf3xd4 exd4
16.Nc3e2 Qc7b6
17.b4 Rf8c8
18.a5 Qb6d8
19.Ne2xd4 b6
20.Nd4xe6 fxe6
21.e5 dxe5
22.Re1xe5 Qd8d6
23.Qd1e2 Nf6d5
24.Re5xe6 Qd6d7
25.axb6 Be7f6
26.Bd3c4 Rc8xc4
27.Re6xf6 Nd5xf6
28.Qe2xc4 Kh7
29.Bd2e3 Ra8d8
30.h3 Nf6d5
31.Ra1xa6 Nd5xe3
32.fxe3 Qd7d1
33.Kh2 Qd1d6
34.Qc4f4 Qd6xf4
35.exf4 Rd8d2
36.b7 Rd2xc2
37.b8Q { resign }
1-0

[Event "Tourn. n8739"]
[Site "www.chess-mail.com"]
[Date "2016.05.25"]
[Round "1"]
[White "Rons"]
[Black "Yangqi"]
[WhiteElo "2580"]
[BlackElo "2660"]
[Result "1/2-1/2"]
[Round "1"]
1.e4 e5
2.Ng1f3 Nb8c6
3.Bf1b5 Nc6d4
4.Nf3xd4 exd4
5.O-O Bf8c5
6.d3 c6
7.Bb5c4 d5
8.exd5 cxd5
9.Bc4b3 Ng8e7
10.Bc1g5 f6
11.Bg5f4 Bc8e6
12.Rf1e1 Qd8d7
13.c4 O-O
14.Bb3a4 Qd7c8
15.Nb1d2 dxc4
16.Nd2e4 Be6d5
17.Ra1c1 Ne7g6
18.Bf4d6 Bc5xd6
19.Ne4xd6 Qc8c5
20.Nd6xc4 Ra8c8
21.Ba4b3 Rf8d8
22.Qd1d2 Qc5f8
23.f4 b6
24.Nc4xb6 Rc8xc1
25.Bb3xd5 Rd8xd5
26.Nb6xd5 Rc1c5
27.f5 Rc5xd5
28.fxg6 hxg6
29.Qd2c2 Rd5c5
30.Qc2a4 Rc5e5
31.Re1xe5 fxe5
32.Qa4c6 Qf8f4
33.Qc6xg6 Qf4c1
34.Kf2 Qc1xb2
35.Kf3 Qb2d2
36.Qg6e6 Kh7
37.Qe6f5 g6
{ draw }
1/2-1/2

[Event "Tourn. n8717"]
[Site "www.chess-mail.com"]
[Date "2016.05.25"]
[Round "1"]
[White "Blackpool"]
[Black "Caspito"]
[WhiteElo "1740"]
[BlackElo "1720"]
[Result "1/2-1/2"]
[Round "1"]
1.Ng1f3 Nb8c6
2.d4 d5
3.g3 e5
4.dxe5 Bc8g4
5.Bf1g2 Bg4xf3
6.Bg2xf3 Nc6xe5
7.Bf3g2 c6
8.O-O Ng8f6
9.Nb1d2 Nf6g4
10.Nd2f3 Bf8d6
11.h3 Ne5xf3
12.Bg2xf3 Ng4e5
13.Bf3g2 O-O
14.Bc1f4 b5
15.c3 Qd8f6
16.Bf4xe5 Bd6xe5
17.e3 Ra8d8
18.Qd1e2 a6
19.Rf1d1 c5
20.Rd1xd5 c4
21.Ra1d1 Rf8e8
22.Rd5xd8 Re8xd8
23.Rd1xd8 Qf6xd8
24.Kf1 h6
25.Ke1 Qd8a5
26.a3 b4
27.cxb4 Qa5d8
28.Qe2xc4 Be5xb2
29.a4 Qd8f6
30.Bg2e4 g6
31.Qc4c6 Qf6xc6
32.Be4xc6 Bb2c3
33.Ke2 Bc3xb4
34.Bc6d7 { draw }
1/2-1/2

[Event "Tourn. n8733"]
[Site "www.chess-mail.com"]
[Date "2016.05.25"]
[Round "1"]
[White "Matchbox"]
[Black "Johnmcbride"]
[WhiteElo "1820"]
[BlackElo "1830"]
[Result "0-1"]
[Round "1"]
1.d4 d5
2.Nb1c3 e6
3.e4 dxe4
4.Nc3xe4 Ng8f6
5.Bc1g5 Bf8e7
6.Bg5xf6 Be7xf6
7.Ng1f3 c6
8.c3 Bf6e7
9.Bf1e2 h6
10.O-O O-O
11.Rf1e1 Nb8d7
12.Qd1c2 Nd7f6
13.Ne4xf6 Be7xf6
14.Ra1d1 Bc8d7
15.Be2d3 g6
16.Nf3e5 Qd8e8
17.Re1e3 Bd7c8
18.f4 b5
19.Ne5f3 { time. }
0-1

[Event "Tourn. n8731"]
[Site "www.chess-mail.com"]
[Date "2016.05.25"]
[Round "1"]
[White "Cal"]
[Black "Azulmarino"]
[WhiteElo "1630"]
[BlackElo "1510"]
[Result "1-0"]
[Round "1"]
1.d4 d5
2.h3 Nb8c6
3.e3 Ng8f6
4.a3 Nf6e4
5.Ng1f3 Bc8f5
6.Bf1d3 e6
7.Nb1c3 Ne4xc3
8.bxc3 Bf5xd3
9.cxd3 Qd8f6
10.O-O Bf8d6
11.Qd1b3 Nc6a5
12.Qb3b5 Na5c6
13.e4 Ra8b8
14.e5 a6
15.Qb5b3 Nc6a5
16.Qb3a4 b5
17.Qa4xa5 Bd6xe5
18.dxe5 Qf6e7
19.Bc1g5 f6
20.exf6 gxf6
21.Bg5h4 Rb8a8
22.Nf3e5 Qe7g7
23.Ne5c6 Rh8g8
24.g3 Qg7d7
25.Bh4xf6 Qd7xc6
26.Bf6e5 Qc6c5
27.Be5xc7 Qc5e7
28.Qa5b6 Ra8c8
29.Bc7d6 Qe7d7
30.Qb6xa6 Rc8xc3
31.Bd6e5 Rc3xd3
32.Rf1e1 Qd7e7
33.Qa6xb5 Qe7d7
34.Qb5xd3 Rg8g5
35.Ra1b1 h5
36.Be5f6 Rg5f5
37.Qd3xf5 Kf7
38.Qf5g5 d4
39.Qg5g7 Ke8
40.Qg7g8 { resign }
1-0

[Event "Tourn. n8771"]
[Site "www.chess-mail.com"]
[Date "2016.05.25"]
[Round "1"]
[White "Estonia"]
[Black "Roque1"]
[WhiteElo "1950"]
[BlackElo "1920"]
[Result "1-0"]
[Round "1"]
1.e4 c5
2.Ng1f3 e6
3.d4 cxd4
4.Nf3xd4 Qd8a5
5.c3 Ng8f6
6.Bf1d3 Bf8c5
7.O-O Bc5xd4
8.cxd4  { time }
1-0

[Event "Tourn. n8784"]
[Site "www.chess-mail.com"]
[Date "2016.05.25"]
[Round "1"]
[White "Viru"]
[Black "Amaya"]
[WhiteElo "1819"]
[BlackElo "2040"]
[Result "1-0"]
[Round "1"]
1.e4 e6
2.d4 d5
3.e5 c5
4.c3 Nb8c6
5.Ng1f3 cxd4
6.cxd4 Bf8b4
7.Nb1c3 Ng8e7
8.a3 Bb4a5
9.b4 Ba5b6
10.Nc3b5 O-O
11.Bc1g5 a6
12.Nb5d6 h6
13.Bg5h4 Qd8d7
14.Qd1a4 Qd7d8
15.b5 Nc6a7
16.bxa6 bxa6
17.Bf1d3 g5
18.Bh4xg5 hxg5
19.Nf3xg5 Ne7g6
20.Ng5xf7 Rf8xf7
21.Nd6xf7 Kxf7
22.Bd3xg6 Kxg6
23.O-O Qd8g5
24.Ra1b1 Na7b5
25.Rb1xb5 Bc8d7
26.Qa4c2 Kf7
27.Rb5xb6 Ra8c8
28.Qc2h7 Kf8
29.Qh7xd7 { resign }
1-0

[Event "Tourn. n8781"]
[Site "www.chess-mail.com"]
[Date "2016.05.25"]
[Round "1"]
[White "Francesco"]
[Black "Viru"]
[WhiteElo "1930"]
[BlackElo "1840"]
[Result "0-1"]
[Round "1"]
1.e4 e5
2.Ng1f3 d5
3.exd5 e4
4.Nf3d4 Qd8xd5
5.Nd4b3 Ng8f6
6.d4 Bf8d6
7.Bf1e2 O-O
8.O-O b6
9.c4 Qd5f5
10.Nb1c3 Rf8d8
11.Rf1e1 Bc8b7
12.d5 Qf5e5
13.f4 Qe5f5
14.g3 Bd6b4
15.Bc1d2 Bb4xc3
16.Bd2xc3 c5
17.Bc3e5 Nb8d7
18.Be5c3 Rd8e8
19.Nb3d2 Ra8d8
20.Nd2f1 g6
21.Nf1e3 Qf5h3
22.Ne3g4 Nf6xg4
23.Be2xg4 Qh3h6
24.f5 Nd7e5
25.fxg6 hxg6
26.Re1xe4 Ne5xg4
27.Re4xe8 Rd8xe8
28.Qd1xg4 Qh6e3
29.Kf1 Re8e4
30.Qg4d7 Qe3f3
31.Kg1 Qf3e3
32.Kf1 Re4e7
33.Qd7d8 Re7e8
34.Qd8f6 Qe3h6
35.d6 Qh6h3
36.Kf2 Qh3g2
{ resign }
0-1

[Event "Tourn. n8697"]
[Site "www.chess-mail.com"]
[Date "2016.05.25"]
[Round "1"]
[White "Bluetealeaf"]
[Black "Sorren"]
[WhiteElo "1740"]
[BlackElo "1860"]
[Result "1-0"]
[Round "1"]
1.e4 e5
2.Ng1f3 Nb8c6
3.c3 Ng8f6
4.Nf3g5 Bf8e7
5.Bf1c4 O-O
6.Qd1f3 d6
7.d3 h6
8.Ng5h3 Bc8e6
9.Qf3g3 Kh8
10.Bc4xe6 fxe6
11.Qg3g6 d5
12.g4 Nf6h7
13.Qg6xe6 dxe4
14.Bc1e3 exd3
15.Kd2 Rf8f6
16.Qe6c4 Rf6d6
17.b4 Qd8d7
18.f3 Ra8f8
19.Rh1f1 h5
20.gxh5 Qd7xh3
21.Rf1f2 Rf8xf3
22.Nb1a3 Rf3xe3
23.Ra1f1 Re3e2
24.Kd1  { time }
1-0

[Event "Tourn. n8723"]
[Site "www.chess-mail.com"]
[Date "2016.05.25"]
[Round "1"]
[White "Mars91"]
[Black "Osopanda"]
[WhiteElo "2020"]
[BlackElo "1970"]
[Result "0-1"]
[Round "1"]
1.Ng1f3 Ng8f6
2.d4 d5
3.Bc1f4 e6
4.e3 Bf8d6
5.c3 O-O
6.Bf4xd6 cxd6
7.Bf1d3 Nb8c6
8.O-O e5
9.dxe5 dxe5
10.Bd3b5 e4
11.Nf3d4 Nc6xd4
12.cxd4 a6
13.Bb5a4 b5
14.Ba4b3 Bc8e6
15.Nb1c3 Ra8c8
16.a3 Nf6g4
17.h3 Ng4h6
18.Ra1c1 Nh6f5
19.Qd1d2 Qd8g5
20.Kh1 Nf5h4
21.Rf1g1 Qg5h5
22.Qd2e2 Nh4f3
23.Rg1d1 Be6xh3
{ resign }
0-1

[Event "Tourn. n8732"]
[Site "www.chess-mail.com"]
[Date "2016.05.25"]
[Round "1"]
[White "Huw"]
[Black "Faerieking"]
[WhiteElo "2280"]
[BlackElo "2280"]
[Result "1-0"]
[Round "1"]
1.d4 Ng8f6
2.c4 e6
3.Ng1f3 Bf8b4
4.Nb1c3 c5
5.a3 Bb4xc3
6.bxc3 Qd8a5
7.Bc1d2 d6
8.e3 O-O
9.Bf1d3 Nb8d7
10.O-O b6
11.Qd1c2 g6
12.e4 Bc8b7
13.Rf1e1 e5
14.Bd2g5 Rf8e8
15.d5 Kg7
16.Qc2c1 Nf6g8
17.Nf3d2 f6
18.Bg5e3 Re8f8
19.a4 Ra8d8
20.Nd2b3 Qa5a6
21.a5 f5
22.exf5 gxf5
23.Qc1c2 e4
24.Bd3e2 f4
25.Be3c1 f3
26.Be2f1 Ng8f6
27.Bc1f4 Nd7e5
28.Bf4xe5 dxe5
29.g3 Bb7c8
30.axb6 Qa6xb6
31.Nb3d2 e3
32.Re1xe3 Nf6g4
33.Re3xf3 Rf8xf3
34.Nd2xf3 Rd8f8
35.Bf1g2 Bc8f5
36.Qc2a4 { resign }
1-0

[Event "Tourn. n8775"]
[Site "www.chess-mail.com"]
[Date "2016.05.25"]
[Round "1"]
[White "Daquata"]
[Black "Passaroa25"]
[WhiteElo "1690"]
[BlackElo "1580"]
[Result "1-0"]
[Round "1"]
1.e4 c6
2.d4 d6
3.Ng1f3 f6
4.Nb1c3 Nb8d7
5.Bf1c4 Ng8h6
6.Bc1xh6 gxh6
7.Nf3h4 Bf8g7
8.Qd1h5 Kf8
9.Qh5f7 
1-0

[Event "Tourn. n8718"]
[Site "www.chess-mail.com"]
[Date "2016.05.25"]
[Round "1"]
[White "Faerieking"]
[Black "Orhany24"]
[WhiteElo "2230"]
[BlackElo "2130"]
[Result "1/2-1/2"]
[Round "1"]
1.e4 e5
2.Ng1f3 Nb8c6
3.Bf1b5 a6
4.Bb5a4 Ng8f6
5.O-O b5
6.Ba4b3 Bf8e7
7.Rf1e1 d6
8.h3 Nc6a5
9.c3 Na5xb3
10.Qd1xb3 Bc8e6
11.Qb3c2 c5
12.d4 Qd8c7
13.d5 Be6d7
14.Bc1e3 O-O
15.Nb1d2 h6
16.Nd2f1 Nf6h7
17.Nf1g3 Qc7c8
18.Qc2d2 f5
19.exf5 Bd7xf5
20.Ng3xf5 Qc8xf5
21.Ra1d1 Ra8e8
22.b3 g5
23.Nf3h2 Nh7f6
24.g4 Qf5g6
25.Qd2d3 Kg7
26.Nh2f1 Qg6xd3
27.Rd1xd3 Kg6
28.Nf1g3 Rf8f7
29.f3 Re8f8
30.Kg2 h5
31.Ng3f5 hxg4
32.fxg4 Rf8h8
33.Be3f2 Be7f8
34.c4 Rf7h7
35.Bf2g1 { draw }
1/2-1/2

[Event "Tourn. n8728"]
[Site "www.chess-mail.com"]
[Date "2016.05.25"]
[Round "1"]
[White "Matchbox"]
[Black "Louis"]
[WhiteElo "1800"]
[BlackElo "1940"]
[Result "0-1"]
[Round "1"]
1.Ng1f3 d5
2.d4 Ng8f6
3.Bc1g5 Nf6e4
4.Bg5f4 c5
5.c3 Nb8c6
6.e3 Qd8b6
7.Qd1b3 c4
8.Qb3c2 Bc8f5
9.Qc2c1 e6
10.Bf1e2 Bf8e7
11.O-O g5
12.Bf4g3 h5
13.h3 Ne4xg3
14.fxg3 Qb6c7
15.Kf2 O-O-O
16.Nb1d2 { time. }
0-1

[Event "Tourn. n8754"]
[Site "www.chess-mail.com"]
[Date "2016.05.25"]
[Round "1"]
[White "Raven16"]
[Black "Hundegana"]
[WhiteElo "2140"]
[BlackElo "2000"]
[Result "1-0"]
[Round "1"]
1.e4 g6
2.d4 Bf8g7
3.c4 c5
4.d5 d6
5.Nb1c3 Bg7xc3
6.bxc3 Ng8f6
7.Qd1c2 O-O
8.Ng1f3 Bc8d7
9.Bf1e2 e6
10.O-O exd5
11.cxd5 Kg7
12.Bc1g5 h6
13.Bg5h4 g5
14.Bh4g3 Bd7g4
15.Ra1d1 Bg4h5
16.e5 dxe5
17.Bg3xe5 Nb8d7
18.Be5g3 Bh5g6
19.Be2d3 Bg6xd3
20.Qc2xd3 b6
21.h4 g4
22.Nf3h2 h5
23.f3 Rf8e8
24.Qd3f5 Re8g8
25.fxg4 hxg4
26.Nh2xg4 a5
27.Qf5g5 Kh8
28.Qg5h6 Nf6h7
29.Rf1xf7 Nd7f8
30.Bg3e5 { resign }
1-0

[Event "Tourn. n8768"]
[Site "www.chess-mail.com"]
[Date "2016.05.25"]
[Round "1"]
[White "Libiesse"]
[Black "Cardiff"]
[WhiteElo "1900"]
[BlackElo "1810"]
[Result "1-0"]
[Round "1"]
1.d4 d5
2.c4 e6
3.Ng1f3 dxc4
4.Nb1c3 a6
5.Qd1a4 Nb8d7
6.Qa4xc4 Nd7b6
7.Qc4d3 Ng8f6
8.Bc1g5 Bf8e7
{ time. }
1-0

[Event "Tourn. n8684"]
[Site "www.chess-mail.com"]
[Date "2016.05.25"]
[Round "1"]
[White "Tonino1"]
[Black "Conde7"]
[WhiteElo "2290"]
[BlackElo "2840"]
[Result "0-1"]
[Round "1"]
1.d4 Ng8f6
2.Ng1f3 e6
3.e3 d5
4.Bf1d3 Bf8e7
5.b3 c5
6.Bc1b2 O-O
7.Nb1d2 b6
8.Qd1e2 Nb8c6
9.a3 Bc8b7
10.Nf3e5 Qd8c8
11.f4 Nc6xe5
12.fxe5 Nf6e4
13.O-O Ne4xd2
14.Qe2xd2 Bb7a6
15.Bd3xa6 Qc8xa6
16.Rf1f3 b5
17.Bb2c3 Qa6b7
18.b4 cxb4
19.Bc3xb4 Ra8c8
20.Ra1c1 Rc8c4
21.c3 a5
22.Bb4xe7 Qb7xe7
23.Qd2b2 h6
24.Rf3f2 Rf8c8
25.Rf2c2 Qe7g5
26.Kf2 Qg5f5
27.Kg1 Qf5d3
28.Kf2 b4
29.axb4 axb4
 { time }
0-1

[Event "Tourn. n8715"]
[Site "www.chess-mail.com"]
[Date "2016.05.25"]
[Round "1"]
[White "Seger"]
[Black "Gimmyg"]
[WhiteElo "2730"]
[BlackElo "2510"]
[Result "1-0"]
[Round "1"]
1.e4 e6
2.d4 b6
3.Bf1d3 g6
4.Ng1f3 Bc8b7
5.h4 Bf8g7
6.h5 c5
7.dxc5 bxc5
8.Bd3e2 Bb7xe4
9.Nb1c3 Bg7xc3
10.bxc3 Qd8f6
11.Kf1 Qf6xc3
12.Bc1d2 Qc3f6
13.Bd2g5 Qf6b2
14.Nf3d2 h6
15.Nd2xe4 hxg5
16.c3 gxh5
17.Be2c4 g4
18.Ra1b1 Qb2a3
19.Rb1b3 Qa3a5
20.Rb3b7 f5
21.Ne4g5 Qa5xc3
22.Bc4xe6 Ng8f6
23.Be6xf5 Ke7
24.g3 Rh8e8
25.Rb7b3 Qc3c4
26.Kg2 Qc4a6
27.Rh1e1 Kd8
28.Re1xe8 Kxe8
29.Qd1a1 Qa6d6
30.Rb3e3 { resign }
1-0

[Event "Tourn. n8728"]
[Site "www.chess-mail.com"]
[Date "2016.05.25"]
[Round "1"]
[White "Fabos12"]
[Black "Matchbox"]
[WhiteElo "1800"]
[BlackElo "1800"]
[Result "1-0"]
[Round "1"]
1.Ng1f3 g6
2.d4 Bf8g7
3.c4 d6
4.Nb1c3 Ng8f6
5.e4 O-O
6.Bc1g5 c6
7.Ra1c1 Qd8c7
8.Bf1d3 e5
9.dxe5 dxe5
10.O-O Bc8g4
11.h3 Bg4xf3
12.Qd1xf3 Nb8d7
13.b3 h6
14.Bg5xf6 Bg7xf6
15.Nc3e2 Bf6g7
16.Rf1d1 Nd7c5
17.Bd3b1 Nc5e6
18.Rd1d2 Ra8d8
19.Rc1d1 Rd8xd2
20.Rd1xd2 Rf8d8
21.Rd2xd8 Qc7xd8
{ time. }
1-0

[Event "Tourn. n8733"]
[Site "www.chess-mail.com"]
[Date "2016.05.25"]
[Round "1"]
[White "Silent1"]
[Black "Matchbox"]
[WhiteElo "1820"]
[BlackElo "1820"]
[Result "1-0"]
[Round "1"]
1.d4 g6
2.c4 Bf8g7
3.e3 d6
4.Nb1c3 Ng8f6
5.Ng1f3 O-O
6.Bf1d3 Nb8d7
7.O-O e5
8.d5 Rf8e8
9.h3 e4
10.Nc3xe4 Nf6xe4
11.Bd3xe4 Re8xe4
12.Nf3d2 Re4e8
13.e4 Nd7f6
14.Rf1e1 a6
15.f3 b5
16.cxb5 axb5
17.a3 Bc8d7
18.Nd2b3 c6
19.dxc6 Bd7xc6
20.Nb3d4 Qd8b6
21.Kh1 b4
22.Nd4xc6 Qb6xc6
{ time. }
1-0

[Event "Tourn. n8671"]
[Site "www.chess-mail.com"]
[Date "2016.05.25"]
[Round "1"]
[White "Francesco"]
[Black "Roserl"]
[WhiteElo "2020"]
[BlackElo "1920"]
[Result "1-0"]
[Round "1"]
1.e4 c5
2.c3 d5
3.exd5 Qd8xd5
4.d4 Ng8f6
5.Ng1f3 Bc8g4
6.Bf1e2 e6
7.O-O Nb8c6
8.dxc5 Bf8xc5
9.Qd1xd5 Nf6xd5
10.Nb1d2 O-O
11.Nd2e4 Bc5b6
12.c4 Nd5e7
13.Bc1f4 Ne7g6
14.Bf4d6 Rf8d8
15.c5 Bb6a5
16.a3 Rd8d7
17.b4 Ba5d8
18.h3 Bg4f5
19.Nf3d2 Nc6d4
20.Be2d1 Nd4b5
21.Bd1a4 a6
22.g4 Bf5xe4
23.Nd2xe4 Bd8e7
24.Ba4xb5 axb5
25.f4 Be7xd6
26.Ne4xd6 Ng6e7
27.Nd6xb5 Ne7c8
28.Ra1d1 Rd7xd1
29.Rf1xd1 Nc8e7
30.Rd1d7 Ne7d5
31.f5 Ra8b8
32.Nb5d6 exf5
33.gxf5 Nd5e3
34.Rd7xf7 Ne3c4
35.Rf7xb7 Rb8xb7
36.Nd6xb7 Nc4xa3
37.Kf2 Kf8
38.Ke2 Ke7
39.Kd3 Kd7
40.Kd4 Na3b5
41.Ke5 Kc7
42.Nb7d6 { resign }
1-0

[Event "Tourn. n8676"]
[Site "www.chess-mail.com"]
[Date "2016.05.25"]
[Round "1"]
[White "Glenno"]
[Black "George1955"]
[WhiteElo "2400"]
[BlackElo "2770"]
[Result "0-1"]
[Round "1"]
1.e4 e5
2.Ng1f3 Nb8c6
3.Bf1b5 a6
4.Bb5a4 Ng8f6
5.O-O b5
6.Ba4b3 Bf8c5
7.c3 d6
8.d4 Bc5b6
9.Bc1g5 h6
10.Bg5h4 g5
11.Bh4g3 O-O
12.a4 Bc8b7
13.axb5 axb5
14.Ra1xa8 Bb7xa8
15.dxe5 Nc6xe5
16.Bg3xe5 dxe5
17.Qd1xd8 Rf8xd8
18.Nf3xe5 Kg7
19.Ne5xf7 Rd8e8
20.e5 Nf6e4
21.Bb3a2 Ba8c6
22.e6 Re8a8
23.Ba2b3 Ne4xf2
24.Rf1xf2 Ra8a1
25.Bb3c2 Ra1a2
26.Nf7e5 Bb6xf2
27.Kxf2 Ra2xb2
28.Kg3 Rb2xc2
29.Ne5xc6 Rc2b2
30.Nb1a3 Rb2b3
31.Na3xb5 Rb3xb5
32.Kg4 Rb5c5
33.Nc6d4 Kf6
34.Kh5 Rc5xc3
35.Kxh6 Rc3e3
36.h3 Re3e4
37.Nd4f3 c5
38.g4 c4
39.Nf3d2 Re4e3
40.h4 c3
41.hxg5 Ke7
42.Nd2b3 Re3h3
43.Kg7 c2
44.Nb3c1 Rh3h1
45.Nc1b3 Rh1b1
46.Nb3d4 c1Q
{ resign }
0-1

[Event "Tourn. n8740"]
[Site "www.chess-mail.com"]
[Date "2016.05.25"]
[Round "1"]
[White "Claudia"]
[Black "Azulmarino"]
[WhiteElo "1349"]
[BlackElo "1480"]
[Result "1-0"]
[Round "1"]
1.d4 d5
2.c4 c6
3.Nb1c3 dxc4
4.a4 a5
5.e3 Bc8e6
6.Ng1f3 Ng8f6
7.Nf3g5 h6
8.Ng5xe6 fxe6
9.Bf1xc4 Qd8d6
10.O-O h5
11.e4 g6
12.e5 Qd6c7
13.exf6 exf6
14.Bc4xe6 Bf8b4
15.Rf1e1 Nb8d7
16.Qd1d3 f5
17.Be6xf5 Bb4e7
18.Bf5xd7 Kd8
19.Bd7e6 g5
20.d5 Qc7d6
21.Nc3e4 Qd6e5
22.dxc6 Ke8
23.Bc1xg5 Qe5xb2
24.Ne4d6 Be7xd6
25.Qd3g6 Kf8
26.Qg6f7 { resign }
1-0

[Event "Match"]
[Site "www.echecsemail.com"]
[Date "2016.05.25"]
[Round "1"]
[White "Knightjumper"]
[Black "Mrynmryn"]
[WhiteElo "1680"]
[BlackElo "1859"]
[Result "0-1"]
[Round "1"]
1.c4 e5
2.Nb1c3 Ng8f6
3.g3 c6
4.Bf1g2 Bf8b4
5.a3 Bb4a5
6.d3 O-O
7.Bc1d2 d5
8.cxd5 Nf6xd5
9.Ng1f3 Rf8e8
10.Nc3xd5 Ba5xd2
11.Qd1xd2 Qd8xd5
12.O-O Qd5b3
13.Ra1c1 Qb3a4
14.Rc1c4 Qa4a6
15.Rc4c2 Nb8d7
16.Rc2c4 Ra8b8
17.Rf1c1 c5
18.Rc4c3 b6
19.Rc1c2 { time. }
0-1

[Event "Match"]
[Site "www.echecsemail.com"]
[Date "2016.05.25"]
[Round "1"]
[White "Gimmyg"]
[Black "Cardiff"]
[WhiteElo "2510"]
[BlackElo "1730"]
[Result "1-0"]
[Round "1"]
1.d4 d5
2.c4 e6
3.Nb1c3 Ng8f6
4.cxd5 exd5
5.Bc1g5 c6
6.Qd1c2 h6
7.Bg5h4 Bf8e7
8.Ng1f3 O-O
9.e3 Rf8e8
10.Bf1d3 Nb8d7
11.O-O Nd7b6
12.Nf3e5 Bc8e6
13.f4 Nf6d7
14.Bh4xe7 Qd8xe7
15.f5 Nd7xe5
16.fxe6 Qe7xe6
17.dxe5 Qe6xe5
18.e4 dxe4
19.Bd3xe4 { resign }
1-0

[Event "Match"]
[Site "www.echecsemail.com"]
[Date "2016.05.25"]
[Round "1"]
[White "Blackpool"]
[Black "Mrynmryn"]
[WhiteElo "1740"]
[BlackElo "1859"]
[Result "0-1"]
[Round "1"]
1.Ng1f3 d5
2.d4 Ng8f6
3.e3 e6
4.Bf1d3 c5
5.c3 c4
6.Bd3c2 b5
7.a4 Bc8d7
8.axb5 Bd7xb5
9.O-O Bf8d6
10.Nb1a3 Bd6xa3
11.Ra1xa3 O-O
12.Rf1e1 Nb8c6
13.e4 a5
14.e5 Nf6d7
15.Bc1g5 Qd8c7
16.h4 Rf8b8
17.Bg5c1 a4
18.Nf3g5 h6
19.Ng5f3 { time. }
0-1

[Event "Match"]
[Site "www.echecsemail.com"]
[Date "2016.05.25"]
[Round "1"]
[White "Difficult"]
[Black "Mdesouza"]
[WhiteElo "1890"]
[BlackElo "2200"]
[Result "0-1"]
[Round "1"]
1.d4 Ng8f6
2.c4 e6
3.Nb1c3 d5
4.cxd5 exd5
5.Bc1g5 Bf8e7
6.e3 O-O
7.Bf1d3 Nb8d7
8.Ng1f3 c6
9.O-O Rf8e8
10.Qd1c2 Nd7f8
11.Nf3e5 Nf6g4
12.Bg5xe7 Qd8xe7
13.Ne5xg4 Bc8xg4
14.Bd3f5 Bg4xf5
15.Qc2xf5 Qe7e6
16.Qf5xe6 Re8xe6
17.b4 Ra8d8
18.a4 a6
19.b5 a5
20.Ra1b1 b6
21.Rf1d1 Re6d6
22.g3 Nf8e6
23.Rb1b2 c5
24.Kg2 cxd4
25.exd4 Rd8c8
26.Rb2c2 Rd6d7
27.Rd1d3 Rd7c7
28.f4 g6
29.Kf2 Rc7c4
30.Ke3 f6
31.h4 Kf7
32.g4 Rc8e8
33.Kd2 Ne6xf4
{ resign }
0-1

[Event "Match"]
[Site "www.echecsemail.com"]
[Date "2016.05.25"]
[Round "1"]
[White "Azorau"]
[Black "Watford"]
[WhiteElo "1900"]
[BlackElo "1570"]
[Result "1-0"]
[Round "1"]
1.e4 d6
2.d4 Ng8f6
3.Nb1c3 g6
4.Bc1g5 h6
5.Bg5xf6 exf6
6.Bf1b5 c6
7.Bb5c4 Bf8g7
8.Ng1f3 O-O
9.O-O Nb8d7
10.Nf3h4 Kh8
11.d5 Nd7b6
12.Bc4b3 c5
13.Nc3e2 c4
14.Ne2f4 g5
15.Nh4g6 fxg6
16.Nf4xg6 Kg8
17.Ng6xf8 Qd8xf8
18.Bb3a4 Nb6xa4
19.Ra1b1 Na4c5
20.Rf1e1 Bc8d7
21.b4 Nc5a6
22.c3 b5
23.h3 Na6c7
24.Re1e3 a6
25.Qd1f1 Ra8e8
26.Re3f3 Qf8e7
27.Rf3e3 Qe7f7
28.Rb1e1 f5
29.Re3f3 f4
{ time. }
1-0

[Event "Match"]
[Site "www.echecsemail.com"]
[Date "2016.05.25"]
[Round "1"]
[White "Guidom"]
[Black "Knightjumper"]
[WhiteElo "2100"]
[BlackElo "1680"]
[Result "1-0"]
[Round "1"]
1.e4 c5
2.Ng1f3 Nb8c6
3.c4 d6
4.Nb1c3 e5
5.d3 Ng8f6
6.Bf1e2 Bf8e7
7.O-O O-O
8.a3 a6
9.Bc1g5 Nc6d4
10.Bg5xf6 Be7xf6
11.Nc3d5 Nd4xf3
12.Be2xf3 b5
13.Nd5xf6 Qd8xf6
14.Bf3g4 Bc8xg4
15.Qd1xg4 Ra8b8
16.b3 Rf8e8
17.Ra1b1 g6
18.Kh1 Qf6e6
19.Qg4xe6 Re8xe6
20.f4 exf4
{ time. }
1-0

[Event "Match"]
[Site "www.echecsemail.com"]
[Date "2016.05.25"]
[Round "1"]
[White "Pimpampum"]
[Black "Watford"]
[WhiteElo "1499"]
[BlackElo "1670"]
[Result "1-0"]
[Round "1"]
1.Ng1f3 d5
2.c4 c6
3.b3 Ng8f6
4.Bc1b2 Bc8f5
5.g3 Bf5xb1
6.Ra1xb1 e6
7.Bf1g2 Bf8e7
8.O-O O-O
9.d3 Nb8d7
10.Rf1e1 Be7b4
11.Re1f1 Qd8e7
12.Nf3d4 c5
13.Nd4c2 Bb4a5
14.e4 d4
15.f4 Ra8c8
16.Nc2e1 a6
17.Ne1f3 Ba5c7
18.Bb2c1 b5
19.Bc1d2 Nd7b6
20.h3 Rf8d8
21.g4 b4
22.g5 Nf6d7
23.Qd1e1 Nd7f8
24.Qe1g3 Nf8g6
25.h4 Ng6f8
{ time. }
1-0

[Event "Match"]
[Site "www.echecsemail.com"]
[Date "2016.05.25"]
[Round "1"]
[White "Jhzes"]
[Black "Carazo"]
[WhiteElo "1809"]
[BlackElo "1760"]
[Result "1-0"]
[Round "1"]
1.d4 d5
2.Bc1f4 Ng8f6
3.Nb1c3 Nb8c6
4.Nc3b5 e5
5.dxe5 Nf6d7
6.Qd1xd5 Nc6b4
7.Qd5c4  { time }
1-0

[Event "Match"]
[Site "www.echecsemail.com"]
[Date "2016.05.25"]
[Round "1"]
[White "Kevinking"]
[Black "Coventry"]
[WhiteElo "1980"]
[BlackElo "1790"]
[Result "1/2-1/2"]
[Round "1"]
1.Ng1f3 d5
2.g3 c6
3.Bf1g2 Ng8f6
4.d3 Bc8g4
5.O-O Nb8d7
6.Rf1e1 e6
7.e4 Bf8e7
8.Nb1d2 O-O
9.h3 Bg4xf3
10.Nd2xf3 Nd7b6
11.e5 Nf6d7
12.d4 c5
13.c3 Qd8c7
14.Bc1e3 Nb6c4
15.Be3c1 Ra8c8
16.Bg2f1 cxd4
17.cxd4 a6
18.b3 Nc4b6
19.Bc1b2 Qc7c2
20.Re1e2 Qc2xd1
21.Ra1xd1 Rc8c7
22.Rd1c1 Rc7xc1
23.Bb2xc1 Rf8c8
24.Bc1b2 h6
25.Re2d2 Be7b4
26.Rd2e2 Kf8
27.Nf3h4 Ke7
28.f4 Bb4c3
29.Kf2 Bc3xb2
30.Re2xb2 g6
31.g4 Rc8c3
{ draw }
1/2-1/2

[Event "Match"]
[Site "www.echecsemail.com"]
[Date "2016.05.25"]
[Round "1"]
[White "Difficult"]
[Black "Fkarpov"]
[WhiteElo "1890"]
[BlackElo "2130"]
[Result "0-1"]
[Round "1"]
1.e4 e5
2.Ng1f3 Ng8f6
3.Nf3xe5 d6
4.Ne5f3 Nf6xe4
5.Qd1e2 Qd8e7
6.d3 Ne4f6
7.Bc1g5 Qe7xe2
8.Bf1xe2 Bf8e7
9.Nb1c3 O-O
10.h3 h6
11.Bg5h4 Rf8e8
12.O-O-O Nf6h5
13.Bh4xe7 Re8xe7
14.g3 Nh5f6
15.Be2f1 Nb8c6
16.Bf1g2 Bc8e6
17.a3 a6
18.Rh1e1 Ra8e8
19.d4 Nf6d5
20.Nc3xd5 Be6xd5
21.Re1xe7 Re8xe7
22.Rd1d2 { time. }
0-1

[Event "Match"]
[Site "www.echecsemail.com"]
[Date "2016.05.25"]
[Round "1"]
[White "Liencam2"]
[Black "Genius9"]
[WhiteElo "2330"]
[BlackElo "1770"]
[Result "1-0"]
[Round "1"]
1.e4 c5
2.Nb1c3 a6
3.g3 Nb8c6
4.Bf1g2 d6
5.d3 Ng8f6
6.Bc1e3 g6
7.Ng1e2 Bf8g7
8.h3 O-O
9.Qd1d2 Ra8b8
10.O-O b5
11.Be3h6 Bc8b7
12.Bh6xg7 Kxg7
13.f4 b4
14.Nc3d1 a5
15.Nd1e3 e6
16.Kh2 Qd8d7
17.f5 Bb7a6
18.fxg6 hxg6
19.Rf1f2 Qd7e7
20.Ra1f1 Nf6d7
21.Ne3g4 Nd7e5
22.Qd2h6 Kg8
23.Ng4f6 { resign }
1-0